000 00980nmm a2200277 a 4500
001 ocm0001682986
003 TR-IsHL
005 20201028165450.0
008 171110s2017 tu tur
007 cr cn
020 _a9786059143868
035 _a1682986
_b(N$T)
050 0 4 _aPL230
_b.Ç562 2017
090 0 4 _aPL230
_b.Ç562 2017
100 1 _aÇınar, Havva
245 1 0 _aÇocuk edebiyatı üzerine Cahit Uçuk'un çocuk romanlarında tip ve iletiler
_h[electronic resource] /
_cHavva Çınar
260 _aİstanbul :
_bHiperlink Yayınları,
_c2017
300 _a216 p.
500 _aKaynakça var.
_x
650 4 _aDil ve Edebiyat
650 4 _aLanguage and Literature
650 0 _aÇocuk edebiyatı, Türk - Tarih ve eleştiri
650 0 _aChildren literature, Turkish
_x History and criticism
650 7 _aJUVENILE FICTION / General
_2bisacsh
856 4 0 _uhttp://search.ebscohost.com/login.aspx?direct=true&scope=site&db=e011xww&AN=1682986
999 _c15878
_d15878